|
|
|
|
| LEADER |
01286nam a2200349 4500 |
| 001 |
ocn795776816 |
| 003 |
OCoLC |
| 005 |
20180501121959.0 |
| 006 |
m o d |
| 007 |
cr cnu---unuuu |
| 008 |
120619s2002 xx ob 001 0 eng d |
| 040 |
|
|
|a OPELS
|b eng
|e pn
|c OPELS
|d OCLCQ
|d OCLCF
|d UIU
|d OCLCQ
|d DEBBG
|d GrThAP
|
| 020 |
|
|
|a 0120066866
|
| 020 |
|
|
|a 9780120066865
|
| 035 |
|
|
|a (OCoLC)795776816
|
| 050 |
|
4 |
|a RC267
|b .A38 v. 86
|
| 082 |
0 |
4 |
|a 616.99/4
|2 23
|
| 049 |
|
|
|a TEFA
|
| 245 |
0 |
0 |
|a Advances in cancer research.
|n Vol. 86 /
|c [edited by George F. Vande Woude, George Klein].
|
| 260 |
|
|
|a [Place of publication not identified] :
|b Academic Press,
|c 2002.
|
| 300 |
|
|
|a 1 online resource
|
| 336 |
|
|
|a text
|b txt
|2 rdacontent
|
| 337 |
|
|
|a computer
|b c
|2 rdamedia
|
| 338 |
|
|
|a online resource
|b cr
|2 rdacarrier
|
| 588 |
0 |
|
|a Online resource; Title from publisher's Web site (ScienceDirect, viewed on June 18, 2012).
|
| 504 |
|
|
|a Includes bibliographical references and index.
|
| 650 |
|
0 |
|a Cancer
|x Research.
|
| 650 |
|
7 |
|a Cancer
|x Research.
|2 fast
|0 (OCoLC)fst00845497
|
| 655 |
|
4 |
|a Electronic books.
|
| 700 |
1 |
|
|a Vande Woude, George F.
|4 edt
|
| 700 |
1 |
|
|a Klein, George.
|4 edt
|
| 856 |
4 |
0 |
|u https://www.sciencedirect.com/science/bookseries/0065230X/86
|z Full Text via HEAL-Link
|